[Event "WY U-16 Chess Olympiad 2019"]
[Site "Corum"]
[Date "2019.11.03"]
[Round "6"]
[White "Petkov, Momchil"]
[Black "Yu, Kaifeng"]
[Result "1/2-1/2"]
[WhiteElo "2333"]
[BlackElo "2367"]
[Annotator "TA"]
[PlyCount "177"]
[EventDate "2019.10.28"]
[EventType "team-tourn"]
[EventCountry "TUR"]
[SourceTitle "playchess.com"]
[Source "ChessBase"]
[SourceQuality "1"]

1. e4 c5 2. Nf3 d6 3. d4 cxd4 4. Nxd4 Nf6 5. Nc3 a6 6. Be2 e5 7. Nb3 Be7 8. O-O O-O 9. Kh1 b6 10. f3 Bb7 11. a4 Nc6 12. Bg5 Nb4 13. Nb1 h6 14. Bxf6 Bxf6 15. Na3 a5 16. c3 Na6 17. Nc4 Be7 18. Ne3 Nc7 19. Bc4 Bg5 20. Nd5 Ne6 21. Nc1 Rc8 22. b3 Bxd5 23. Qxd5 Be3 24. Ne2 Qg5 25. Rad1 Rfd8 26. Qd3 Nf4 27. Nxf4 exf4 28. Qe2 Qf6 29. Rd5 Qxc3 30. Rf5 Rd7 31. g3 Rc5 32. Rxc5 dxc5 33. Bd5 Kh7 34. Qb5 Re7 35. g4 Qf6 36. Qa6 h5 37. Qc8 hxg4 38. Qxg4 g6 39. Rd1 Kg7 40. Bc4 Bd4 41. Rd2 Re8 42. Qd7 Rd8 43. Qg4 Rh8 44. Qd7 Rf8 45. Qg4 Be3 46. Rd1 Rh8 47. Qd7 Bd4 48. Rd2 Rh5 49. Rg2 Be3 50. h3 Bd4 51. Kh2 Re5 52. Bd5 Kf8 53. Qc8+ Re8 54. Qd7 Rd8 55. Qg4 Bc3 56. Qg5 Ke7 57. Qxf6+ Kxf6 58. Rc2 Be1 59. Re2 Bg3+ 60. Kg2 Ke7 61. Rd2 Rd7 62. Rd3 Rc7 63. Bc4 Bh4 64. Rd5 Bf6 65. Kf1 Bd4 66. Bb5 Rb7 67. Bc6 Rc7 68. Bb5 f6 69. Kg2 Be5 70. Kf1 Bd6 71. Kg2 Rc8 72. Kf1 Rd8 73. Kg2 Rh8 74. Kh2 Rg8 75. Bc4 Rg7 76. Bb5 Rh7 77. Kg2 Rh6 78. Kh2 Rh8 79. Kg2 g5 80. Bc4 Rd8 81. Kf1 Rb8 82. Kg2 Bc7 83. Bb5 Rd8 84. Rxd8 Bxd8 85. Kf1 Ke6 86. Ke2 f5 87. exf5+ Kxf5 88. Kd3 Kg6 89. Be8+ 1/2-1/2

[Event "WY U-16 Chess Olympiad 2019"]
[Site "Corum"]
[Date "2019.11.03"]
[Round "6"]
[White "Ke, Ivan"]
[Black "Avalyan, Artur"]
[Result "0-1"]
[WhiteElo "2321"]
[BlackElo "2395"]
[Annotator "RC"]
[PlyCount "130"]
[EventDate "2019.10.28"]
[EventType "team-tourn"]
[EventCountry "TUR"]
[SourceTitle "playchess.com"]
[Source "ChessBase"]
[SourceQuality "1"]

1. d4 Nf6 2. c4 e6 3. Nc3 Bb4 4. e3 O-O 5. Bd3 c5 6. Nf3 d5 7. O-O dxc4 8. Bxc4 Bd7 9. Ne5 Qe7 10. Qf3 Bc6 11. Qh3 Rd8 12. Rd1 Be8 13. Bd3 h6 14. a3 Bxc3 15. bxc3 Nc6 16. Ng4 e5 17. Nxf6+ Qxf6 18. d5 Na5 19. Bc2 e4 20. Rb1 Qe5 21. f4 Qxc3 22. Bxe4 Nc4 23. Rxb7 Bc6 24. Rc7 Bxd5 25. Bxd5 Rxd5 26. Rf1 Rad8 27. Qf3 Qc2 28. Qf2 Qe4 29. Qf3 Qxf3 30. gxf3 Rd1 31. Rxc5 Rxf1+ 32. Kxf1 Rd1+ 33. Ke2 Rxc1 34. Rc8+ Kh7 35. Rc7 a5 36. f5 f6 37. e4 Kg8 38. a4 Rc3 39. h4 Kf8 40. h5 Ke8 41. Rxg7 Ne5 42. Rh7 Nf7 43. Rg7 Rc4 44. Rg8+ Ke7 45. Ra8 Rxa4 46. Ra7+ Kf8 47. Ke3 Ne5 48. f4 Ra3+ 49. Ke2 Nc4 50. Ra8+ Ke7 51. Ra7+ Kd6 52. Ra6+ Kc5 53. e5 fxe5 54. f6 Re3+ 55. Kf2 Re4 56. fxe5 Nxe5 57. Rxa5+ Kd6 58. Ra6+ Kd7 59. Kg3 Rg4+ 60. Kh3 Rf4 61. Kg3 Rf5 62. Kh4 Nc6 63. Ra4 Rxf6 64. Re4 Kd6 65. Re8 Ne5 0-1

[Event "WY U-16 Chess Olympiad 2019"]
[Site "Corum"]
[Date "2019.11.03"]
[Round "6"]
[White "Sargsyan, Tigran R."]
[Black "Celik, Hasan Huseyin"]
[Result "1-0"]
[WhiteElo "2321"]
[BlackElo "1998"]
[Annotator "TA"]
[PlyCount "63"]
[EventDate "2019.10.28"]
[EventType "team-tourn"]
[EventCountry "TUR"]
[SourceTitle "playchess.com"]
[Source "ChessBase"]
[SourceQuality "1"]

1. d4 d5 2. c4 c6 3. Nf3 e6 4. Nc3 dxc4 5. e3 b5 6. a4 Bb4 7. Bd2 a5 8. axb5 Bxc3 9. Bxc3 cxb5 10. b3 Bb7 11. bxc4 b4 12. Bb2 Nf6 13. Bd3 Nbd7 14. O-O O-O 15. Nd2 Re8 16. Bc2 Qc7 17. e4 e5 18. f4 exd4 19. e5 d3 20. Ba4 Ne4 21. Nxe4 Bxe4 22. Qg4 Nc5 23. Bxe8 Rxe8 24. f5 Rd8 25. e6 fxe6 26. fxe6 h5 27. Qh4 d2 28. Rad1 Qb6 29. Kh1 Bc2 30. e7 Re8 31. Rxd2 Bg6 32. Rf8+ 1-0

[Event "WY U-16 Chess Olympiad 2019"]
[Site "Corum"]
[Date "2019.11.03"]
[Round "6"]
[White "Milosevic, Milos"]
[Black "Itgelt, Khuyagtsogt"]
[Result "0-1"]
[WhiteElo "2312"]
[BlackElo "2160"]
[Annotator "TA"]
[PlyCount "110"]
[EventDate "2019.10.28"]
[EventType "team-tourn"]
[EventCountry "TUR"]
[SourceTitle "playchess.com"]
[Source "ChessBase"]
[SourceQuality "1"]

1. e4 e6 2. d4 d5 3. Nc3 Nf6 4. Bg5 Bb4 5. exd5 exd5 6. Bd3 O-O 7. Nge2 Re8 8. O-O c6 9. Ng3 h6 10. Bd2 Nbd7 11. a3 Bf8 12. h3 Nb6 13. b3 Bd7 14. Qf3 g6 15. Bf4 Bg7 16. a4 a5 17. Be5 Be6 18. Rae1 Nbd7 19. Qd1 Nxe5 20. dxe5 Nd7 21. f4 f5 22. exf6 Qxf6 23. Nce2 Bf7 24. f5 g5 25. Nc1 Rxe1 26. Qxe1 Bf8 27. Kh1 Bb4 28. Qf2 Re8 29. Qa7 Qe5 30. Nce2 Qc7 31. Qd4 Bd6 32. Qf2 Nf6 33. Rb1 Qe7 34. Nf1 c5 35. c4 d4 36. Ng1 g4 37. Qh4 gxh3 38. Qxh3 Kh7 39. Nf3 Rg8 40. Re1 Qd8 41. Re6 Ng4 42. Rxh6+ Kg7 43. Qxg4+ Kxh6 44. Qe4 Qe7 45. N1d2 Bh5 46. Qd5 Bf7 47. Qe4 Bh5 48. Qd5 Rg4 49. Ne4 Rh4+ 50. Nxh4 Qxh4+ 51. Kg1 Bh2+ 52. Kf1 Qf4+ 53. Nf2 Qc1+ 54. Nd1 Qxd1+ 55. Kf2 Qg1# 0-1

[Event "WY U-16 Chess Olympiad 2019"]
[Site "Corum"]
[Date "2019.11.03"]
[Round "6"]
[White "Lashkin, Jegor"]
[Black "Juksta, Karolis"]
[Result "1/2-1/2"]
[WhiteElo "2304"]
[BlackElo "2310"]
[Annotator "TA"]
[PlyCount "119"]
[EventDate "2019.10.28"]
[EventType "team-tourn"]
[EventCountry "TUR"]
[SourceTitle "playchess.com"]
[Source "ChessBase"]
[SourceQuality "1"]

1. d4 d5 2. c4 e6 3. Nc3 Nf6 4. cxd5 exd5 5. Bg5 Nbd7 6. e3 c6 7. Bd3 Be7 8. Qc2 h6 9. Bh4 Nh5 10. Bxe7 Qxe7 11. Nge2 Nb6 12. O-O O-O 13. Rae1 Bd7 14. Nc1 Rae8 15. Nb3 Bc8 16. Nc5 Nd7 17. b4 b6 18. Nxd7 Qxd7 19. b5 Bb7 20. bxc6 Bxc6 21. Rc1 Nf6 22. a4 g6 23. a5 bxa5 24. Qa2 a4 25. Ra1 Re7 26. Nxa4 Bxa4 27. Qxa4 Rb8 28. Qxd7 Rxd7 29. Rfb1 Rxb1+ 30. Bxb1 Rc7 31. Bd3 Kf8 32. Kf1 Nd7 33. Ke2 Nb6 34. g4 g5 35. f3 Ke7 36. e4 f6 37. h4 Ke6 38. Rh1 Nd7 39. hxg5 hxg5 40. Rh8 Rb7 41. exd5+ Kd6 42. Be4 Rb8 43. Rh1 Rb2+ 44. Kd3 Rb3+ 45. Kd2 Nb6 46. Ra1 Nc4+ 47. Kc2 Ra3 48. Rh1 Ne3+ 49. Kb2 Nc4+ 50. Kb1 Nd2+ 51. Kb2 Nc4+ 52. Kc2 Ne3+ 53. Kd2 Nxd5 54. Rh8 Ra2+ 55. Kd3 Nf4+ 56. Kc4 Ra4+ 57. Kc3 Ne2+ 58. Kd3 Nf4+ 59. Kc3 Ne2+ 60. Kd3 1/2-1/2

[Event "WY U-16 Chess Olympiad 2019"]
[Site "Corum"]
[Date "2019.11.03"]
[Round "6"]
[White "Cohen Revivo, Shoham"]
[Black "Berdnyk, Mariia"]
[Result "1-0"]
[WhiteElo "2295"]
[BlackElo "2349"]
[Annotator "TA"]
[PlyCount "113"]
[EventDate "2019.10.28"]
[EventType "team-tourn"]
[EventCountry "TUR"]
[SourceTitle "playchess.com"]
[Source "ChessBase"]
[SourceQuality "1"]

1. Nf3 Nf6 2. b3 g6 3. Bb2 Bg7 4. g3 d6 5. Bg2 O-O 6. O-O c5 7. c4 e5 8. Nc3 Nc6 9. e3 Bf5 10. d3 Qd7 11. Re1 Rfe8 12. Qe2 a6 13. Rad1 Rab8 14. Nd2 Bg4 15. f3 Be6 16. Nde4 h6 17. Nxf6+ Bxf6 18. Nd5 Bxd5 19. cxd5 Ne7 20. f4 Bg7 21. Qf1 exf4 22. Bxg7 Kxg7 23. gxf4 Qg4 24. Qf3 Qxf3 25. Bxf3 Nf5 26. Kf2 g5 27. Be4 Nh4 28. Kg3 f5 29. Bf3 Ng6 30. Bh5 Re7 31. Bxg6 Kxg6 32. Rd2 gxf4+ 33. Kxf4 Kf6 34. Rg2 Rbe8 35. Reg1 Rxe3 36. Rg6+ Kf7 37. Rg7+ Kf8 38. Rg8+ Kf7 39. R1g7+ Kf6 40. Rxe8 Rxe8 41. Rd7 Re2 42. Rxd6+ Ke7 43. Rxh6 Rxa2 44. d6+ Kd7 45. Ke5 Kc6 46. Kxf5 b5 47. h4 a5 48. h5 a4 49. bxa4 bxa4 50. d7+ Kxd7 51. Ra6 a3 52. h6 Rf2+ 53. Ke5 Rh2 54. h7 Kc7 55. Ra8 a2 56. Rxa2 Rh3 57. Ra8 1-0

[Event "WY U-16 Chess Olympiad 2019"]
[Site "Corum"]
[Date "2019.11.03"]
[Round "6"]
[White "Haring, Filip"]
[Black "Cardoso Cardoso, Jose Gabriel"]
[Result "0-1"]
[WhiteElo "2294"]
[BlackElo "2313"]
[Annotator "TA"]
[PlyCount "102"]
[EventDate "2019.10.28"]
[EventType "team-tourn"]
[EventCountry "TUR"]
[SourceTitle "playchess.com"]
[Source "ChessBase"]
[SourceQuality "1"]

1. e4 c5 2. Nf3 d6 3. d4 cxd4 4. Nxd4 Nf6 5. Nc3 a6 6. Be3 e5 7. Nb3 Be6 8. h3 h5 9. f4 Qc7 10. f5 Bd7 11. Be2 Bc6 12. Bf3 h4 13. O-O Nbd7 14. a4 b6 15. Nd2 Be7 16. Qe2 Qb7 17. b4 Qc7 18. a5 bxa5 19. Rxa5 Qb7 20. Rb1 O-O 21. g3 hxg3 22. Qg2 Bd8 23. Qxg3 Bb6 24. Bxb6 Qxb6+ 25. Qf2 Qc7 26. Kh1 Bb7 27. Ra3 Rfc8 28. Rg1 Qb6 29. Qg2 Kf8 30. Rb3 Qd4 31. Ndb1 Ke7 32. Rd1 Qc4 33. Nd2 Qc7 34. Nf1 Qb6 35. Qd2 Rh8 36. Kg2 Rh4 37. Ng3 Rah8 38. Rh1 Qc7 39. Rbb1 Nb6 40. Qd3 Rc8 41. Rbd1 Nc4 42. Rb1 Na3 43. Rb3 Nb5 44. Nxb5 Qxc2+ 45. Be2 axb5 46. Rd1 Nxe4 47. Kh2 Rxh3+ 48. Kxh3 Nf2+ 49. Kh2 Rh8+ 50. Kg1 Nxd3 51. Rbxd3 d5 0-1

[Event "WY U-16 Chess Olympiad 2019"]
[Site "Corum"]
[Date "2019.11.03"]
[Round "6"]
[White "Csiki, Endre"]
[Black "Aydin, Gulenay"]
[Result "0-1"]
[WhiteElo "2287"]
[BlackElo "1918"]
[Annotator "ChessBase"]
[PlyCount "98"]
[EventDate "2019.10.28"]
[EventType "team-tourn"]
[EventCountry "TUR"]
[SourceTitle "playchess.com"]
[Source "ChessBase"]
[SourceQuality "1"]

1. d4 Nf6 2. Bf4 g6 3. Nc3 d5 4. e3 Bg7 5. h4 h5 6. Nf3 O-O 7. Ne5 c5 8. Qd2 Nc6 9. O-O-O cxd4 10. exd4 Bf5 11. f3 Rc8 12. Nxc6 bxc6 13. Ba6 Rc7 14. Bxc7 Qxc7 15. Rhe1 c5 16. dxc5 Qxc5 17. Bd3 Bd7 18. Qg5 Kh7 19. Kb1 Rb8 20. Qe3 Rxb2+ 21. Kxb2 Qb4+ 22. Kc1 Bh6 23. Qxh6+ Kxh6 24. Nb1 e6 25. g3 Ne8 26. c3 Qc5 27. Rd2 Nd6 28. Rc2 Ba4 29. Rg2 d4 30. Bc2 Bxc2 31. Rxc2 dxc3 32. Nxc3 Qa3+ 33. Kd1 Nf5 34. Re4 Qd6+ 35. Rd2 Qxg3 36. Rd3 Nxh4 37. Ne2 Qh2 38. Ra4 Nxf3 39. Rxf3 Qh1+ 40. Ng1 Qxg1+ 41. Ke2 Qc5 42. Rfa3 f5 43. Rxa7 e5 44. R7a5 Qc4+ 45. Kf2 e4 46. R5a4 Qc5+ 47. Kg3 Kg5 48. Kg2 Qc2+ 49. Kf1 h4 0-1

[Event "WY U-16 Chess Olympiad 2019"]
[Site "Corum"]
[Date "2019.11.03"]
[Round "6"]
[White "Aydincelebi, Kagan"]
[Black "Katopodis, Dimitrios"]
[Result "1/2-1/2"]
[WhiteElo "2285"]
[BlackElo "2353"]
[Annotator "TA"]
[PlyCount "59"]
[EventDate "2019.10.28"]
[EventType "team-tourn"]
[EventCountry "TUR"]
[SourceTitle "playchess.com"]
[Source "ChessBase"]
[SourceQuality "1"]

1. e4 c6 2. d4 d5 3. exd5 cxd5 4. Bd3 Nc6 5. c3 Nf6 6. Bf4 g6 7. Nf3 Bf5 8. Be2 Bg7 9. O-O h6 10. h3 g5 11. Be3 e6 12. Nbd2 Qb6 13. Qb3 Qc7 14. Ne5 Nxe5 15. dxe5 Nd7 16. c4 O-O 17. cxd5 Nxe5 18. Rac1 Qd7 19. dxe6 Bxe6 20. Qa3 Bd5 21. Rfd1 Qe6 22. Nb3 Rfd8 23. Nd4 Qg6 24. Nb5 g4 25. Bf4 Qe4 26. Qg3 Qxe2 27. Nc3 Nf3+ 28. gxf3 Bxc3 29. bxc3 Qxf3 30. Qxg4+ 1/2-1/2

[Event "WY U-16 Chess Olympiad 2019"]
[Site "Corum"]
[Date "2019.11.03"]
[Round "6"]
[White "Martins, Bruno Andre Leite"]
[Black "Pobor, Milo"]
[Result "0-1"]
[WhiteElo "2284"]
[BlackElo "2064"]
[Annotator "ChessBase"]
[PlyCount "56"]
[EventDate "2019.10.28"]
[EventType "team-tourn"]
[EventCountry "TUR"]
[SourceTitle "playchess.com"]
[Source "ChessBase"]
[SourceQuality "1"]

1. d4 Nf6 2. Bf4 g6 3. Nc3 c5 4. d5 d6 5. e4 Bg7 6. Nf3 O-O 7. Be2 b5 8. Nxb5 Nxe4 9. c3 Qa5 10. Nd2 a6 11. Nxe4 axb5 12. O-O Qa4 13. Bd3 b4 14. Bc2 Qa5 15. Bd2 f5 16. Ng5 bxc3 17. bxc3 h6 18. Nh3 e5 19. dxe6 Bxe6 20. Nf4 Bf7 21. Qf3 Nd7 22. Qh3 Ne5 23. Rfe1 Nc4 24. Nxg6 Bxg6 25. Bb3 d5 26. Bxh6 Qxc3 27. Qh4 Rfe8 28. Bxg7 Rxe1+ 0-1

[Event "WY U-16 Chess Olympiad 2019"]
[Site "Corum"]
[Date "2019.11.03"]
[Round "6"]
[White "Soto, Miguel Angel"]
[Black "Turcan, Richard"]
[Result "1-0"]
[WhiteElo "2283"]
[BlackElo "2174"]
[Annotator "ChessBase"]
[PlyCount "115"]
[EventDate "2019.10.28"]
[EventType "team-tourn"]
[EventCountry "TUR"]
[SourceTitle "playchess.com"]
[Source "ChessBase"]
[SourceQuality "1"]

1. e4 c5 2. Nf3 d6 3. d4 cxd4 4. Nxd4 Nf6 5. Nc3 g6 6. Be3 Bg7 7. f3 O-O 8. Qd2 Nc6 9. O-O-O d5 10. Qe1 e5 11. Nxc6 bxc6 12. exd5 Nxd5 13. Bc4 Be6 14. Ne4 Qc7 15. Bc5 Rfd8 16. g4 Nf4 17. Bd6 Qb6 18. Bxe6 Nxe6 19. Qc3 Nd4 20. Kb1 Rd7 21. Bc5 Qb5 22. g5 Rad8 23. Bxd4 exd4 24. Qd3 Qb4 25. h4 Rb8 26. b3 c5 27. Nd2 Re7 28. Nc4 Rbe8 29. h5 Re1 30. a3 Rxd1+ 31. Rxd1 Qb8 32. h6 Bf8 33. Qd2 Bd6 34. Qa5 Qc7 35. Qa6 Bf8 36. Nd2 Re6 37. Qd3 Re3 38. Qb5 Qe7 39. Ne4 Rxf3 40. Nf6+ Rxf6 41. gxf6 Qxf6 42. Re1 Bxh6 43. Qxc5 Be3 44. Qxa7 Kg7 45. Qc5 g5 46. a4 g4 47. a5 g3 48. a6 Qxa6 49. Qe5+ Qf6 50. Qxg3+ Qg6 51. Qe5+ Kg8 52. Kb2 Qc6 53. Re2 h6 54. Qg3+ Kf8 55. Rg2 Qc3+ 56. Kb1 d3 57. Qd6+ Ke8 58. Rg8# 1-0

[Event "WY U-16 Chess Olympiad 2019"]
[Site "Corum"]
[Date "2019.11.03"]
[Round "6"]
[White "Musyuk, Lior"]
[Black "Mosesov, Danylo"]
[Result "1/2-1/2"]
[WhiteElo "2278"]
[BlackElo "2290"]
[Annotator "ChessBase"]
[PlyCount "40"]
[EventDate "2019.10.28"]
[EventType "team-tourn"]
[EventCountry "TUR"]
[SourceTitle "playchess.com"]
[Source "ChessBase"]
[SourceQuality "1"]

1. e4 c5 2. Nf3 d6 3. Bb5+ Nd7 4. O-O a6 5. Bd3 Ngf6 6. c3 b5 7. a4 Bb7 8. axb5 axb5 9. Rxa8 Qxa8 10. Na3 Bxe4 11. Bxe4 Qxe4 12. Qb3 e6 13. Nxb5 Qc6 14. Na7 Qb6 15. Qa4 Be7 16. Nc6 Bd8 17. Nxd8 Kxd8 18. Qa8+ Qb8 19. Qxb8+ Nxb8 20. d4 cxd4 1/2-1/2

[Event "WY U-16 Chess Olympiad 2019"]
[Site "Corum"]
[Date "2019.11.03"]
[Round "6"]
[White "Ivanovic, Marko"]
[Black "Amin-Erdene Burmaa"]
[Result "1-0"]
[WhiteElo "2269"]
[BlackElo "1793"]
[Annotator "ChessBase"]
[PlyCount "83"]
[EventDate "2019.10.28"]
[EventType "team-tourn"]
[EventCountry "TUR"]
[SourceTitle "playchess.com"]
[Source "ChessBase"]
[SourceQuality "1"]

1. Nf3 Nf6 2. g3 g6 3. Bg2 Bg7 4. O-O O-O 5. d4 d6 6. c4 a6 7. Nc3 Nc6 8. b3 Nd7 9. Bb2 e5 10. dxe5 Ndxe5 11. Qd2 Rb8 12. Rfd1 Nxf3+ 13. Bxf3 Ne5 14. Bg2 Be6 15. f4 Nd7 16. Ne4 Bf5 17. Bxg7 Kxg7 18. Qb2+ Kg8 19. Nc3 Qf6 20. Qd2 Be6 21. e4 b5 22. cxb5 axb5 23. f5 b4 24. Ne2 gxf5 25. Rf1 Qe5 26. exf5 Bxf5 27. Nd4 Bg6 28. Rac1 Rbe8 29. Bc6 Rd8 30. Ba4 Qh5 31. Rf4 Ne5 32. Rcf1 Nd3 33. Rf5 Qh3 34. Qxd3 c5 35. Nc2 d5 36. Ne3 d4 37. Ng2 Rd5 38. Nh4 Bxf5 39. Nxf5 Re5 40. Qf3 Re6 41. Bd7 d3 42. Bxe6 1-0

[Event "WY U-16 Chess Olympiad 2019"]
[Site "Corum"]
[Date "2019.11.03"]
[Round "6"]
[White "Chatzieleftheriou, Andreas"]
[Black "Ozenir, Ekin Baris"]
[Result "1/2-1/2"]
[WhiteElo "2258"]
[BlackElo "2274"]
[Annotator "ChessBase"]
[PlyCount "87"]
[EventDate "2019.10.28"]
[EventType "team-tourn"]
[EventCountry "TUR"]
[SourceTitle "playchess.com"]
[Source "ChessBase"]
[SourceQuality "1"]

1. e4 c6 2. d4 d5 3. Nd2 dxe4 4. Nxe4 Bf5 5. Qf3 e6 6. Ne2 Nf6 7. Nxf6+ Qxf6 8. Qb3 Qe7 9. Ng3 Bg6 10. Bf4 Qb4+ 11. c3 Qb6 12. h4 h6 13. Bc4 Be7 14. h5 Bh7 15. O-O O-O 16. Rfe1 Qxb3 17. axb3 Nd7 18. b4 Nb6 19. Be2 Nd5 20. Bd2 Bg5 21. Bxg5 hxg5 22. b5 cxb5 23. Bxb5 Nf4 24. Ne4 a6 25. Bf1 Bxe4 26. Rxe4 Nxh5 27. Re5 Nf4 28. Rxg5 Nd5 29. Re5 Rfd8 30. g3 Ra7 31. Bg2 b6 32. Ra3 Kf8 33. Rb3 b5 34. Re1 Rd6 35. Ra1 Rc7 36. Kf1 Ke7 37. Ke2 Rb6 38. Kd3 Kd6 39. Rba3 Rcc6 40. Ra5 g6 41. Bf3 Ke7 42. Re1 Kd6 43. Rea1 Ke7 44. Re1 1/2-1/2

[Event "WY U-16 Chess Olympiad 2019"]
[Site "Corum"]
[Date "2019.11.03"]
[Round "6"]
[White "Xi, Qi"]
[Black "Peycheva, Gergana"]
[Result "1/2-1/2"]
[WhiteElo "2241"]
[BlackElo "2246"]
[Annotator "ChessBase"]
[PlyCount "67"]
[EventDate "2019.10.28"]
[EventType "team-tourn"]
[EventCountry "TUR"]
[SourceTitle "playchess.com"]
[Source "ChessBase"]
[SourceQuality "1"]

1. d4 Nf6 2. c4 e6 3. Nc3 Bb4 4. Bd2 O-O 5. Nf3 b6 6. e3 Bb7 7. Rc1 d6 8. a3 Bxc3 9. Bxc3 Ne4 10. Bd3 f5 11. O-O Nd7 12. Be1 a5 13. Nd2 Qg5 14. f4 Qg6 15. Nxe4 Bxe4 16. Bxe4 fxe4 17. b3 Rf5 18. Qe2 Raf8 19. Bc3 Rh5 20. b4 axb4 21. axb4 Nf6 22. Ra1 Ng4 23. h3 Nh6 24. Kh2 Ng4+ 25. Kh1 Nh6 26. Rfd1 Nf5 27. Be1 Qh6 28. c5 Rxh3+ 29. gxh3 Qxh3+ 30. Qh2 Qf3+ 31. Qg2 Qh5+ 32. Qh2 Qf3+ 33. Qg2 Qh5+ 34. Qh2 1/2-1/2

[Event "WY U-16 Chess Olympiad 2019"]
[Site "Corum"]
[Date "2019.11.03"]
[Round "6"]
[White "Vettese, Nicholas"]
[Black "Mai, Alexander Oliver"]
[Result "1-0"]
[WhiteElo "2235"]
[BlackElo "2085"]
[Annotator "ChessBase"]
[PlyCount "87"]
[EventDate "2019.10.28"]
[EventType "team-tourn"]
[EventCountry "TUR"]
[SourceTitle "playchess.com"]
[Source "ChessBase"]
[SourceQuality "1"]

1. e4 c6 2. d4 d5 3. exd5 cxd5 4. Nf3 Nc6 5. Ne5 e6 6. Bb5 Qc7 7. Bf4 Bd6 8. Bxc6+ bxc6 9. Qg4 Kf8 10. Qg3 Ne7 11. Nd7+ Qxd7 12. Bxd6 Kg8 13. Bc5 Ng6 14. Nd2 h5 15. O-O-O h4 16. Qe3 h3 17. g3 a5 18. a4 Ba6 19. f4 Rb8 20. Rde1 Qb7 21. Qc3 Nf8 22. Bxf8 Kxf8 23. Nb3 Qb4 24. Qxc6 Bc4 25. Qc5+ Ke8 26. Qxb4 axb4 27. Nc5 b3 28. cxb3 Rxb3 29. Nxb3 Bxb3 30. Kd2 Kd7 31. Ra1 Bc4 32. b4 Rc8 33. Rhb1 Kc7 34. b5 Kb7 35. Ra3 Ra8 36. a5 Ra7 37. Kc3 Be2 38. Kb4 Ra8 39. Rc1 Bc4 40. g4 Rh8 41. Rcc3 Rh4 42. a6+ Ka8 43. Rxh3 Rxg4 44. Kc5 1-0

[Event "WY U-16 Chess Olympiad 2019"]
[Site "Corum"]
[Date "2019.11.03"]
[Round "6"]
[White "Siniauski, Artsiom"]
[Black "Madaminov, Mukhiddin"]
[Result "1/2-1/2"]
[WhiteElo "2233"]
[BlackElo "2045"]
[Annotator "ChessBase"]
[PlyCount "129"]
[EventDate "2019.10.28"]
[EventType "team-tourn"]
[EventCountry "TUR"]
[SourceTitle "playchess.com"]
[Source "ChessBase"]
[SourceQuality "1"]

1. e4 e6 2. d4 d5 3. Nc3 Nf6 4. Bg5 Bb4 5. exd5 Qxd5 6. Bxf6 gxf6 7. Qd2 Qa5 8. Nge2 Nd7 9. a3 b6 10. O-O-O Bxc3 11. Qxc3 Qxc3 12. Nxc3 Bb7 13. d5 O-O-O 14. Bc4 e5 15. Rhf1 f5 16. f4 e4 17. d6 c6 18. Bxf7 Rhf8 19. Bc4 b5 20. Ba2 h5 21. Rd2 Rf6 22. Nd1 Nb6 23. Ne3 Kd7 24. Rfd1 Rdf8 25. c4 bxc4 26. Bxc4 Rg6 27. b3 Rff6 28. a4 h4 29. a5 Nd5 30. a6 Nxe3 31. axb7 Rf8 32. Re1 Nxc4 33. bxc4 Rxd6 34. Ra2 Kc7 35. Rxa7 Rb8 36. Ra5 Rd4 37. Rxf5 Rxc4+ 38. Kd2 Rd8+ 39. Ke3 Rd3+ 40. Kf2 Kxb7 41. Re5 Rd2+ 42. Re2 e3+ 43. Kxe3 Rxe2+ 44. Kxe2 Rxf4 45. Ke3 Ra4 46. g3 Kc7 47. Kf3 Kd6 48. Re2 hxg3 49. hxg3 c5 50. g4 c4 51. g5 Kd5 52. g6 Ra3+ 53. Kf4 Ra7 54. Rd2+ Kc5 55. Rg2 Rg7 56. Ke5 c3 57. Kf6 Rg8 58. Kf7 Rc8 59. g7 Kb4 60. Re2 Rc7+ 61. Re7 Rxe7+ 62. Kxe7 c2 63. g8=Q c1=Q 64. Qb8+ Kc3 65. Qc7+ 1/2-1/2

[Event "WY U-16 Chess Olympiad 2019"]
[Site "Corum"]
[Date "2019.11.03"]
[Round "6"]
[White "Stremavicius, Pijus"]
[Black "Ceres, Dragos"]
[Result "1/2-1/2"]
[WhiteElo "2230"]
[BlackElo "2302"]
[Annotator "ChessBase"]
[PlyCount "66"]
[EventDate "2019.10.28"]
[EventType "team-tourn"]
[EventCountry "TUR"]
[SourceTitle "playchess.com"]
[Source "ChessBase"]
[SourceQuality "1"]

1. d4 Nf6 2. Nf3 e6 3. Bg5 d5 4. Nbd2 h6 5. Bh4 c5 6. e3 Nc6 7. c3 cxd4 8. exd4 g5 9. Bg3 Nh5 10. Bd3 Qf6 11. Be5 Nxe5 12. Nxe5 Nf4 13. Bb5+ Kd8 14. Qf3 Bd6 15. O-O-O Ke7 16. Rhe1 Rd8 17. g3 Ng6 18. Nxg6+ Qxg6 19. h4 Qf6 20. hxg5 hxg5 21. Rh1 a6 22. Bd3 Bd7 23. Qxf6+ Kxf6 24. Rh6+ Ke7 25. Rdh1 Rg8 26. R1h5 Rg7 27. Nf3 f6 28. Rh7 Rag8 29. Kd2 g4 30. Nh4 Be8 31. R5h6 Bf7 32. Bg6 Kf8 33. Bd3 Ke7 1/2-1/2

[Event "WY U-16 Chess Olympiad 2019"]
[Site "Corum"]
[Date "2019.11.03"]
[Round "6"]
[White "Tsaruk, Maksim"]
[Black "Sindarov, Javokhir"]
[Result "0-1"]
[WhiteElo "2230"]
[BlackElo "2513"]
[Annotator "TA"]
[PlyCount "34"]
[EventDate "2019.10.28"]
[EventType "team-tourn"]
[EventCountry "TUR"]
[SourceTitle "playchess.com"]
[Source "ChessBase"]
[SourceQuality "1"]

1. e4 e5 2. Nf3 Nc6 3. Bb5 a6 4. Ba4 Nf6 5. O-O Nxe4 6. d4 b5 7. Bb3 d5 8. dxe5 Be6 9. c3 Bc5 10. Nbd2 O-O 11. Bc2 Nxf2 12. Rxf2 f6 13. exf6 Bxf2+ 14. Kxf2 Qxf6 15. Nf1 Ne5 16. Kg3 g5 17. Qd4 Qxf3+ 0-1

[Event "WY U-16 Chess Olympiad 2019"]
[Site "Corum"]
[Date "2019.11.03"]
[Round "6"]
[White "Ajay Karthikeyan"]
[Black "Kusa, Jakub"]
[Result "1/2-1/2"]
[WhiteElo "2214"]
[BlackElo "2156"]
[Annotator "ChessBase"]
[PlyCount "161"]
[EventDate "2019.10.28"]
[EventType "team-tourn"]
[EventCountry "TUR"]
[SourceTitle "playchess.com"]
[Source "ChessBase"]
[SourceQuality "1"]

1. e4 e5 2. Nf3 Nc6 3. Bb5 a6 4. Ba4 Nf6 5. O-O Nxe4 6. d4 b5 7. Bb3 d5 8. dxe5 Be6 9. Qe2 Bc5 10. Nbd2 Bf5 11. Nxe4 Bxe4 12. Be3 Bxe3 13. Qxe3 Qe7 14. Rad1 Rd8 15. Ng5 Qxe5 16. f3 Bg6 17. Qc5 Ne7 18. Rfe1 Qd6 19. Rxd5 Qxc5+ 20. Rxc5 Rd7 21. c4 h6 22. Nh3 Bd3 23. cxb5 O-O 24. Nf4 Bxb5 25. a4 Bc6 26. Rxe7 Rxe7 27. Rxc6 Rb8 28. Rc3 g5 29. Nd3 Re2 30. Bd5 Rd8 31. Be4 Kg7 32. b3 a5 33. h3 h5 34. Rc5 Rxe4 35. fxe4 Rxd3 36. Rxg5+ Kh6 37. Rb5 c5 38. Kf2 Rc3 39. h4 c4 40. bxc4 Rxc4 41. Rxa5 Rxe4 42. g3 Rb4 43. Kf3 f6 44. Ra8 Kg6 45. Rg8+ Kh7 46. Ra8 Kg6 47. a5 Ra4 48. a6 Kf5 49. a7 Ra3+ 50. Ke2 Ra6 51. Ke3 Ra1 52. Kd4 Ra4+ 53. Kd5 Ra1 54. Kd6 Ra6+ 55. Ke7 Ra4 56. Kf7 Ra3 57. Ke7 Ra1 58. Kf8 Ra3 59. Kf7 Ra6 60. Kg7 Kg4 61. Rg8 Rxa7+ 62. Kxf6+ Kf3 63. Rg5 Ra6+ 64. Kg7 Rb6 65. Rg6 Rb8 66. Kh7 Ra8 67. Kg7 Rb8 68. Kf6 Rf8+ 69. Kg5 Rh8 70. Ra6 Kxg3 71. Ra3+ Kg2 72. Kg6 Kh2 73. Rf3 Kg2 74. Rb3 Kh2 75. Kg7 Ra8 76. Kg6 Rh8 77. Rb5 Kg3 78. Rxh5 Rg8+ 79. Kf5 Rf8+ 80. Ke5 Kg4 81. Ke4 1/2-1/2